| 000 | 00746nam a2200229 a 4500 | ||
|---|---|---|---|
| 001 | 36766 | ||
| 003 | BD-RjUL | ||
| 005 | 20211209052534.0 | ||
| 008 | 140901s1962 bg ||||e |||| 000 0 ben d | ||
| 020 | _cPRs. 3.50 | ||
| 035 | _a(BD-RjUL) 36868 | ||
| 040 |
_aBD-RjUL _bben _dBD-RjUL _cBD-RjUL |
||
| 041 | _aben | ||
| 082 |
_a891.443 _bISS 1962 _223 |
||
| 100 |
_aইসহাক, আবু _9112156 |
||
| 245 | 1 | 0 |
_aসূর্য-দীঘল বাড়ি / _cআবু ইসহাক |
| 260 |
_aঢাকা : _bইনায়েত রসুল, _c১৯৬২. |
||
| 300 |
_a১৯৩ পৃ. ; _c২২ সেমি. |
||
| 650 |
_aবাংলা উপন্যাস _9112157 |
||
| 650 |
_aBengli Fiction _9112158 |
||
| 942 |
_2ddc _cBK |
||
| 999 |
_c36766 _d36766 |
||